| 000 | 00567nam a2200193 4500 | ||
|---|---|---|---|
| 001 | 22690 | ||
| 005 | 20230404125943.0 | ||
| 008 | 060907n2002 dr spa | ||
| 020 | _a8570256531 | ||
| 035 | _9funglode22854 | ||
| 041 | _aPT | ||
| 050 | 1 | 4 | _a103 F 1418 P654g 2002 |
| 100 | _aPinheiro Guimaraes, Samuel | ||
| 245 | 1 |
_aQuinhentos anos de periferia : _buma contribuicao ao estudo da polĂtica internacional / _cSamuel Pinheiro Guimaraes |
|
| 250 | _a4 | ||
| 260 |
_aRio de Janeiro : _bEditora UFRGS, _c2002 |
||
| 300 | _a166 p. | ||
| 942 |
_2lcc _cbk |
||
| 999 |
_c8006 _d8006 |
||